| 000 | 01009nam a22002657a 4500 | ||
|---|---|---|---|
| 999 |
_c5546 _d5546 |
||
| 003 | AR-CdUCM | ||
| 008 | 190312b ||||| |||| 00| 0 spa d | ||
| 040 |
_aMUNICIPALIDAD PROVINCIAL DEL CUSCO _cBIBLIOTECA MUNICIPAL DEL CUSCO |
||
| 082 |
_a980.5 / _bL79 |
||
| 100 |
_aLlanque, D _916619 |
||
| 245 | _aAcerca de la historia y el universo Aymara / | ||
| 260 |
_aLima : _bCIED, _c1981. |
||
| 300 |
_a149 paginas ; _c19 cm. |
||
| 505 | _aLa historia del pueblo aymara -- Los aymara chilenos -- La nutrición en el antiguo Perú -- Artesianas y pequeñas industrias en el área colindante con el lago Titicaca... | ||
| 650 |
_aVida y costumbres sociales _9857 |
||
| 650 |
_aIndígenas Aymaras _98227 |
||
| 650 |
_aLa lengua Aymara _916620 |
||
| 700 |
_aMartínez Soto-Aguilar, G _916621 |
||
| 700 |
_aAntúnez de Mayolo R., Santiago E _916622 |
||
| 700 |
_aMartinez, H. _916623 |
||
| 700 |
_aGaldo Pagaza, R. _916624 |
||
| 700 |
_aChávez Velásquez, N. A. _916625 |
||
| 942 |
_2ddc _cLIBROS |
||
| 945 | _awnts | ||